000 00736nam a2200229Ia 4500
003 GCL
008 140319s9999 xx 000 0 ara d
040 _aGCL /
_cGCL
082 0 4 _a001.6404
_bع ك
100 1 _aعاطف حليم
245 1 0 _aالكمبيوتر كيف يعمل وماذا فى داخله : دراسة تفصيلية للمبتدئين /
_cعاطف حليم
260 _a[S.N] :
_bالمجالس ،
_c1987
300 _a193 ص
490 _a
650 0 4 _aالحاسبات الالكترونية
650 0 4 _aالبرامج
650 0 4 _aاجهزة الادخال والاخراج
650 0 4 _aالمعارف العامة
650 0 4 _aالمدخلات
650 0 4 _aالمخرجات
942 _2ddc
_cBK
999 _c30051
_d30051